000 00298nam a2200133Ia 4500
005 20251222155103.0
008 251222s9999||||xx |||||||||||||| ||spa||
082 _aENC. 01.7
100 _aUniversitas
245 0 _aEl Hombre : Desarrollo
250 _a1ra. ed.
264 _bSalvat
942 _cLIB
999 _c37745
_d37745